| 000 | 00396nam a2200169Ia 4500 | ||
|---|---|---|---|
| 005 | 20140402150242.0 | ||
| 008 | 140130s9999 xx 000 0 und d | ||
| 050 |
_aPZ 7 _b.C237 2003 |
||
| 245 |
_cAnne Capeci _aFood Chain Frenzy |
||
| 260 |
_bScholastic, _c2003 |
||
| 300 |
_a91 p. : _bill. ; _c20 cm. |
||
| 440 | _v1 | ||
| 521 | _aG4 | ||
| 526 | _c610 | ||
| 942 |
_cBK _2lcc |
||
| 999 |
_c40768 _d40768 |
||